| 000 | 007370000a22002290004500 | ||
|---|---|---|---|
| 003 | LK-CoMWRAF | ||
| 005 | 20231114221414.0 | ||
| 008 | 230817t ||||| |||| 00| 0 eng d | ||
| 020 | _a0060571446 | ||
| 040 |
_aLK-CoMWRAF _dLK-CoMWRAF _eLK-CoMWRAF |
||
| 041 | _aeng | ||
| 082 |
_a297.3 _bNOM |
||
| 100 | _aNomani, Asra Q. | ||
| 245 |
_aStanding alone in Mecca : _bAn American woman's struggle for the soul of Islam |
||
| 260 |
_aNew York : _bHarperCollins, _c2005 |
||
| 300 | _axi, 306 p. : ill., maps ; 23 cm. | ||
| 650 | _aMuslim pilgrims and pilgrimages--Saudi Arabia--Mecca | ||
| 650 | _aWomen in Islam | ||
| 650 | _aFeminism--Religious aspects--Islam | ||
| 650 | _aWomen's rights--Religious aspects--Islam | ||
| 942 | _cBK | ||
| 999 |
_c1175 _d1175 |
||